000 004620000a22001810004500
003 MACL
005 20160120124042.0
008 160120b xxu||||| |||| 00| 0 eng d
040 _aMACL
_cMACL
041 _aEnglish
082 _a658/LAW
100 _aLaw, Doug
_933571
245 _aMemory Management for Dummies
260 _bComdex Computer Publishing
_c1995
_aNew Delhi
350 _a310
650 _aGeneral Management
_97116
942 _cBK
_k658/Law
_2ddc
999 _c32669
_d32669